00680nam a2200229 4500003001100000005001700011008004100028020001500069040003900084041000800123082001700131100002100148245004200169260003500211300002000246490002300266650002700289650002000316942000700336952009200343999001500435LK-CoMWRAF20231207091006.0231202b1997 |||||||| |||| 00| 0 eng d a8175540656 aLK-CoMWRAFdLK-CoMWRAFeLK-CoMWRAF aeng a658.456bFOR aForsyth, Patrick a 30 minutes ... before a presentation aNe Delhi:b Kogan Page, c1997 a 64 p. ; 18 cm. a 30 minutes series aBUSINESS PRESENTATIONS aPublic speaking cBK 00104070aMAINbMAINd2023-12-02l0o658.456 FORpRAF3277r2023-12-02w2023-12-02yBK c4277d4277